NCAA Women's Basketball General Knowledge - Statistics

General Stats
  • This quiz has been taken 56 times
  • The average score is 7 of 20
Answer Stats
Hint Answer % Correct
Who is the all time leading scorer in NCAA basketball? Caitlin Clark
92%
How many minutes are each of the four quarters in each game? 10
84%
Who is the only player to win four consecutive NCAA titles? Breanna Stewart
65%
South Carolina
63%
Tennessee
57%
What are the 3 Southeastern Conference (SEC) teams that won a national title. LSU
51%
How many points did JuJu Watkins scored in a single game as a freshman? 51
39%
Which player originally enrolled to UConn, but transferred to Delaware? Elena Delle Donne
37%
Which coach won a national championship as player, assistant coach, and as a head coach? Kim Mulkey
33%
Name the first two teams that played in the first Championship Game in 1982. Louisiana Tech l Cheyney State
29%
Where do the Iowa Hawkeyes play at? Carver-Hawkeye Arena
25%
Which Vanderbilt freshman ended up breaking that same record by scoring 53 points against Florida? Mikayla Blakes
24%
Which team ended UConn’s 111-game win streak in 2017? Mississippi State
24%
Which college did the above player go to and lead them to the Final Four in 2023? Virginia Tech
20%
Who is the 3x ACC Player of the Year from 2022-2024? Elizabeth Kitley
16%
Who was the first woman to dunk in an NCAA game? Georgeann Wells
6%
Who coached at Kentucky from 2007-2020? Matthew Mitchell
6%
Which college did the above player go to? West Virginia
6%
To the nearest whole number, how many blocks did Brittney Griner have? 748
2%
What is a common defensive strategy used to stop high-scoring players? Box-and-one defense
2%
No matching quizzes found
Score Distribution
Percent of People with Each Score
Percentile by Number Answered
Your Score History
You have not taken this quiz